<?xml version="1.0" encoding="UTF-8"?>
<record
    xmlns:xsi="http://www.w3.org/2001/XMLSchema-instance"
    xsi:schemaLocation="http://www.loc.gov/MARC21/slim http://www.loc.gov/standards/marcxml/schema/MARC21slim.xsd"
    xmlns="http://www.loc.gov/MARC21/slim">

  <leader>01611nam0a2200349   4500</leader>
  <controlfield tag="001">RU\NLR\bibl\1849610</controlfield>
  <controlfield tag="005">20260408235353.0</controlfield>
  <datafield tag="010" ind1=" " ind2=" ">
    <subfield code="a">978-5-418-00283-9</subfield>
    <subfield code="9">10000</subfield>
  </datafield>
  <datafield tag="021" ind1=" " ind2=" ">
    <subfield code="a">RU</subfield>
    <subfield code="b">2011-94392</subfield>
    <subfield code="9">6769</subfield>
  </datafield>
  <datafield tag="035" ind1=" " ind2=" ">
    <subfield code="a">(NLR Aleph) 001840010</subfield>
  </datafield>
  <datafield tag="090" ind1=" " ind2=" ">
    <subfield code="a">2259134</subfield>
    <subfield code="c">2259134</subfield>
  </datafield>
  <datafield tag="100" ind1=" " ind2=" ">
    <subfield code="a">20111216d2012    |||y0rusy50      ca</subfield>
  </datafield>
  <datafield tag="101" ind1="0" ind2=" ">
    <subfield code="a">rus</subfield>
  </datafield>
  <datafield tag="102" ind1=" " ind2=" ">
    <subfield code="a">RU</subfield>
  </datafield>
  <datafield tag="105" ind1=" " ind2=" ">
    <subfield code="a">a   |||||||||</subfield>
  </datafield>
  <datafield tag="200" ind1="1" ind2=" ">
    <subfield code="a">&#x413;&#x43E;&#x442;&#x43E;&#x432;&#x438;&#x43C;&#x441;&#x44F; &#x43A; &#x448;&#x43A;&#x43E;&#x43B;&#x435; &#x432;&#x43C;&#x435;&#x441;&#x442;&#x435; &#x441;&#x43E; &#x441;&#x43A;&#x430;&#x437;&#x43A;&#x43E;&#x439; "&#x414;&#x44E;&#x439;&#x43C;&#x43E;&#x432;&#x43E;&#x447;&#x43A;&#x430;"</subfield>
    <subfield code="e">&#x43F;&#x43E; &#x43C;&#x43E;&#x442;&#x438;&#x432;&#x430;&#x43C; &#x441;&#x43A;&#x430;&#x437;&#x43A;&#x438; &#x425;.&#x41A;. &#x410;&#x43D;&#x434;&#x435;&#x440;&#x441;&#x435;&#x43D;&#x430;</subfield>
    <subfield code="e">&#x443;&#x447;&#x435;&#x431;&#x43D;&#x43E;&#x435; &#x43F;&#x43E;&#x441;&#x43E;&#x431;&#x438;&#x435; &#x434;&#x43B;&#x44F; &#x434;&#x43E;&#x448;&#x43A;&#x43E;&#x43B;&#x44C;&#x43D;&#x438;&#x43A;&#x43E;&#x432;</subfield>
    <subfield code="f">&#x41E;.&#x422;. &#x41F;&#x43E;&#x433;&#x43B;&#x430;&#x437;&#x43E;&#x432;&#x430;</subfield>
  </datafield>
  <datafield tag="205" ind1=" " ind2=" ">
    <subfield code="a">2-&#x435; &#x438;&#x437;&#x434;.</subfield>
  </datafield>
  <datafield tag="210" ind1=" " ind2=" ">
    <subfield code="a">&#x421;&#x43C;&#x43E;&#x43B;&#x435;&#x43D;&#x441;&#x43A;</subfield>
    <subfield code="c">&#x410;&#x441;&#x441;&#x43E;&#x446;&#x438;&#x430;&#x446;&#x438;&#x44F; XXI &#x432;&#x435;&#x43A;</subfield>
    <subfield code="d">2012</subfield>
  </datafield>
  <datafield tag="215" ind1=" " ind2=" ">
    <subfield code="a">31 &#x441;.</subfield>
    <subfield code="c">&#x438;&#x43B;., &#x446;&#x432;. &#x438;&#x43B;.</subfield>
    <subfield code="d">28</subfield>
  </datafield>
  <datafield tag="225" ind1="1" ind2=" ">
    <subfield code="a">&#x421;&#x442;&#x443;&#x43F;&#x435;&#x43D;&#x44C;&#x43A;&#x438; &#x434;&#x435;&#x442;&#x441;&#x442;&#x432;&#x430;</subfield>
  </datafield>
  <datafield tag="300" ind1=" " ind2=" ">
    <subfield code="a">&#x412; &#x432;&#x44B;&#x43F;. &#x434;&#x430;&#x43D;. &#x437;&#x430;&#x433;&#x43B;.: &#x412;&#x43C;&#x435;&#x441;&#x442;&#x435; &#x441;&#x43E; &#x441;&#x43A;&#x430;&#x437;&#x43A;&#x43E;&#x439; "&#x414;&#x44E;&#x439;&#x43C;&#x43E;&#x432;&#x43E;&#x447;&#x43A;&#x430;"</subfield>
  </datafield>
  <datafield tag="500" ind1=" " ind2=" ">
    <subfield code="a">&#x414;&#x44E;&#x439;&#x43C;&#x43E;&#x432;&#x43E;&#x447;&#x43A;&#x430;</subfield>
    <subfield code="3">RU\NLR\auth\559767</subfield>
    <subfield code="9">2631768</subfield>
  </datafield>
  <datafield tag="517" ind1="0" ind2=" ">
    <subfield code="a">&#x412;&#x43C;&#x435;&#x441;&#x442;&#x435; &#x441;&#x43E; &#x441;&#x43A;&#x430;&#x437;&#x43A;&#x43E;&#x439; "&#x414;&#x44E;&#x439;&#x43C;&#x43E;&#x432;&#x43E;&#x447;&#x43A;&#x430;"</subfield>
  </datafield>
  <datafield tag="606" ind1="1" ind2=" ">
    <subfield code="a">&#x414;&#x43E;&#x448;&#x43A;&#x43E;&#x43B;&#x44C;&#x43D;&#x438;&#x43A;&#x438;</subfield>
    <subfield code="x">&#x41F;&#x43E;&#x434;&#x433;&#x43E;&#x442;&#x43E;&#x432;&#x43A;&#x430; &#x43A; &#x448;&#x43A;&#x43E;&#x43B;&#x435;</subfield>
    <subfield code="x">&#x418;&#x441;&#x43F;&#x43E;&#x43B;&#x44C;&#x437;&#x43E;&#x432;&#x430;&#x43D;&#x438;&#x435; &#x441;&#x43A;&#x430;&#x437;&#x43E;&#x43A;</subfield>
    <subfield code="9">2107985</subfield>
    <subfield code="3">RU\NLR\auth\661577807</subfield>
  </datafield>
  <datafield tag="686" ind1=" " ind2=" ">
    <subfield code="a">&#x427;411.389&#x44F;7</subfield>
  </datafield>
  <datafield tag="700" ind1=" " ind2="1">
    <subfield code="4">070</subfield>
    <subfield code="8">rus</subfield>
    <subfield code="7">ca</subfield>
    <subfield code="a">&#x41F;&#x43E;&#x433;&#x43B;&#x430;&#x437;&#x43E;&#x432;&#x430;</subfield>
    <subfield code="b">&#x41E;. &#x422;.</subfield>
    <subfield code="g">&#x41E;&#x43B;&#x44C;&#x433;&#x430; &#x422;&#x438;&#x445;&#x43E;&#x43D;&#x43E;&#x432;&#x43D;&#x430;</subfield>
    <subfield code="3">RU\NLR\auth\774045</subfield>
    <subfield code="9">114034</subfield>
  </datafield>
  <datafield tag="702" ind1=" " ind2="1">
    <subfield code="4">570</subfield>
    <subfield code="8">rus</subfield>
    <subfield code="7">ca</subfield>
    <subfield code="a">&#x410;&#x43D;&#x434;&#x435;&#x440;&#x441;&#x435;&#x43D;</subfield>
    <subfield code="b">&#x425;. &#x41A;.</subfield>
    <subfield code="f">1805-1875</subfield>
    <subfield code="g">&#x425;&#x430;&#x43D;&#x441; &#x41A;&#x440;&#x438;&#x441;&#x442;&#x438;&#x430;&#x43D;</subfield>
    <subfield code="3">RU\NLR\auth\772165</subfield>
    <subfield code="9">112181</subfield>
  </datafield>
  <datafield tag="801" ind1=" " ind2="0">
    <subfield code="a">RU</subfield>
    <subfield code="b">NLR</subfield>
    <subfield code="c">20111216</subfield>
    <subfield code="g">RCR</subfield>
  </datafield>
  <datafield tag="801" ind1=" " ind2="1">
    <subfield code="a">RU</subfield>
    <subfield code="b">NLR</subfield>
    <subfield code="c">20111216</subfield>
  </datafield>
  <datafield tag="942" ind1=" " ind2=" ">
    <subfield code="c">BOOK</subfield>
  </datafield>
  <datafield tag="980" ind1=" " ind2=" ">
    <subfield code="a">NB</subfield>
  </datafield>
  <datafield tag="995" ind1=" " ind2=" ">
    <subfield code="5">2011-12-16</subfield>
    <subfield code="a">ad</subfield>
    <subfield code="b">NLR01</subfield>
    <subfield code="c">NLR01</subfield>
    <subfield code="e">RF8</subfield>
    <subfield code="f">3560582</subfield>
    <subfield code="k">2011-8/3772</subfield>
    <subfield code="o">0</subfield>
    <subfield code="r">BOOK</subfield>
    <subfield code="s">201183772_</subfield>
  </datafield>
  <datafield tag="995" ind1=" " ind2=" ">
    <subfield code="5">2011-12-16</subfield>
    <subfield code="a">ad</subfield>
    <subfield code="b">NLR01</subfield>
    <subfield code="c">NLR01</subfield>
    <subfield code="e">OBM</subfield>
    <subfield code="f">3560584</subfield>
    <subfield code="o">0</subfield>
    <subfield code="r">BOOK</subfield>
  </datafield>
  <datafield tag="995" ind1=" " ind2=" ">
    <subfield code="5">2015-03-11</subfield>
    <subfield code="a">ad</subfield>
    <subfield code="b">NLR01</subfield>
    <subfield code="c">NLR01</subfield>
    <subfield code="e">OBM</subfield>
    <subfield code="f">1-890503</subfield>
    <subfield code="o">0</subfield>
    <subfield code="p">0.00</subfield>
    <subfield code="r">BOOK</subfield>
  </datafield>
  <datafield tag="995" ind1=" " ind2=" ">
    <subfield code="5">2015-03-11</subfield>
    <subfield code="a">ad</subfield>
    <subfield code="b">NLR01</subfield>
    <subfield code="c">NLR01</subfield>
    <subfield code="e">OBM</subfield>
    <subfield code="f">1-890509</subfield>
    <subfield code="o">0</subfield>
    <subfield code="p">0.00</subfield>
    <subfield code="r">BOOK</subfield>
  </datafield>
</record>
